000 01223nas a2200313 i 4500
001 2363
003 ES-MaACL
005 20250217134619.0
008 950801d19021922sp s| po | ||pa d
022 _a9958-5839
080 _a460
080 _a656.614.3(460)
080 _a797.1
245 0 3 _aLa Vida marítima
_b: revista de navegación y comercio, marina militar, deportes naúticos, pesquerías e industrias de mar /
_cÓrgano de propaganda de la Liga Marítima Española.
260 _aMadrid :
_bLa Vida Marítima,
_c1902-1922.
300 _a21 v. :
_bgrab. ;
_c32 cm.
310 _aQuincenal
321 _aDecenal,
_b1902-1920
362 1 _aAño 1, n. 1 (en. 1902)-(1922)
530 _aDisponible en formato digital.
650 1 4 _aIndustria. Comunicaciones.
_913720
650 4 _aMarina mercante-
_zEspaña-
_yS.XX.
_9153541
650 4 _aDeportes acuáticos.
_9141455
710 2 _aLiga Marítima Española.
_9158272
852 _aES-MaACL
_jHem-541
856 _uhttp://bdh.bne.es/bnesearch/Search.do?numfields=1&field1=id_publicacion&field1val=0002741281&field1Op=AND&advanced=true&showYearItems=true&fillForm=false&sort=anho
_zHemeroteca Digital
866 0 _o1902-22.
999 _c2363
_d2363